| 000 | 00986nas a2200289 4500 | ||
|---|---|---|---|
| 001 | BR2014001743 | ||
| 003 | BR-BrBNA | ||
| 005 | 20231205123838.0 | ||
| 007 | ta | ||
| 008 | 230509b bl.|||p| |||| 00| 00por d | ||
| 040 |
_aBR-BrBNA _bpor _cBiblioteca Nacional de Agricultura |
||
| 041 | _a(Pt) | ||
| 072 | _aP10; U40; P01 | ||
| 100 | 1 | _aPollo, R.A. | |
| 100 | 1 | _aBarros, Z.X. de | |
| 100 | 1 | _aGarcia, Y.M. | |
| 100 | 1 | _aSilveira, G.R.P. da | |
| 100 | 1 | _aNardini, R.C. | |
| 245 | 1 | _aCaracterização do uso da terra em diferentes épocas na bacia hidrográfica do ribeirão Paraíso-São Manuel (SP), por meio de sistemas de informações geográficas | |
| 650 | _aSENSORIAMENTO REMOTO | ||
| 650 | _aSISTEMA DE INFORMAÇÃO | ||
| 650 | _aIMPACTO AMBIENTAL | ||
| 650 | _aUSO DA TERRA | ||
| 773 | 0 |
_tEnergia na Agricultura (Brazil) _xISSN 1808-8759 _g(Oct-Dec 2013), v. 28(4) p. 247-252 _wBR2014001743 |
|
| 909 |
_a202311 _bLúcia _c55 _dLúcia Elande |
||
| 942 |
_2AGRIS _n0 _cANA |
||
| 999 |
_c235998 _d235998 |
||